[Event "BL 1516 OSG Baden Baden - SG Turm Trier"]
[Site "?"]
[Date "2016.02.20"]
[Round "8.8"]
[White "Movsesian, Sergei"]
[Black "Cioara, Andrei-Nestor"]
[Result "1-0"]
[WhiteElo "2653"]
[BlackElo "2419"]
[PlyCount "89"]
[EventDate "2016.??.??"]

1. e4 d5 2. exd5 Qxd5 3. Nc3 Qa5 4. g3 Nf6 5. Bg2 c6 6. Nf3 Bg4 7. h3 Bh5 8.
O-O e6 9. d4 Bd6 10. Ne2 Nbd7 11. c4 O-O 12. Be3 Rad8 13. Qb3 Qb6 14. Qxb6 axb6
15. Rfd1 b5 16. g4 Bg6 17. g5 Ne8 18. cxb5 cxb5 19. Ne5 Bh5 20. Kf1 f6 21. Nd3
Nc7 22. Nc5 Bxc5 23. dxc5 Nd5 24. Bxd5 exd5 25. Rxd5 Ne5 26. Rxd8 Rxd8 27. Nd4
b4 28. gxf6 gxf6 29. a3 Ra8 30. a4 Nd3 31. b3 Nxc5 32. Rc1 b6 33. Rc4 Rd8 34.
Rxb4 Rd6 35. Nf5 Rd3 36. Kg2 Nd7 37. Bxb6 Bf3+ 38. Kh2 Ne5 39. Be3 Rd1 40. Rb6
Be4 41. Rxf6 Ng6 42. Nh6+ Kg7 43. Rf7+ Kh8 44. f3 Bd5 45. Bg5 1-0

[Event "BL 1516 Erfurter SK - SV Hockenheim"]
[Site "?"]
[Date "2016.02.20"]
[Round "8.1"]
[White "Wagner, Dennis"]
[Black "Romanov, Evgeny"]
[Result "0-1"]
[WhiteElo "2585"]
[BlackElo "2617"]
[PlyCount "56"]
[EventDate "2016.??.??"]

1. d4 Nf6 2. c4 e6 3. Nf3 b6 4. g3 Bb4+ 5. Bd2 Bxd2+ 6. Qxd2 Ba6 7. b3 c6 8.
Bg2 d5 9. Nc3 Nbd7 10. Ne5 Nxe5 11. dxe5 Nd7 12. f4 O-O 13. O-O-O Nc5 14. b4
Bxc4 15. bxc5 bxc5 16. Kb2 Rb8+ 17. Ka1 Rb4 18. Be4 Qa5 19. Bb1 Rfb8 20. Rc1
Qb6 21. Qc2 g6 22. Nd1 Bxe2 23. a3 Qa5 24. Ba2 Qxa3 25. Qc3 Rb3 26. Qd2 Bd3 27.
Nc3 Rb2 28. Qxd3 Rxa2+ 0-1

[Event "BL 1516 Erfurter SK - SV Hockenheim"]
[Site "?"]
[Date "2016.02.20"]
[Round "8.2"]
[White "Mihok, Oliver"]
[Black "Saric, Ivan"]
[Result "0-1"]
[WhiteElo "2506"]
[BlackElo "2646"]
[PlyCount "129"]
[EventDate "2016.??.??"]

1. e4 c5 2. Nf3 d6 3. d4 cxd4 4. Qxd4 a6 5. c4 Nc6 6. Qe3 g6 7. Nc3 Bg4 8. Be2
Bh6 9. Qd3 Bg7 10. O-O Rc8 11. Nd5 e6 12. Ne3 Bxf3 13. Bxf3 Nge7 14. Be2 Nd4
15. Rb1 Nec6 16. b3 O-O 17. Bb2 b5 18. Rfc1 Qh4 19. cxb5 axb5 20. Nc2 Nxc2 21.
Qxc2 Nd4 22. Qd3 Nxe2+ 23. Qxe2 Bxb2 24. Rxc8 Rxc8 25. g3 Qf6 26. Qxb2 Qf3 27.
Re1 b4 28. Qd2 Qc3 29. Rd1 Rc6 30. Kg2 Kg7 31. Qd4+ Qxd4 32. Rxd4 Rb6 33. Kf3
Kf6 34. Ke3 e5 35. Rc4 Ke6 36. Rc7 h5 37. h4 f5 38. f3 Ra6 39. Rc2 d5 40. exd5+
Kxd5 41. Rd2+ Kc5 42. Rc2+ Kb5 43. Rd2 Kc6 44. Rc2+ Kd7 45. Rc5 Kd6 46. Rb5
Rxa2 47. Rxb4 Kc5 48. Rc4+ Kd5 49. Ra4 Rg2 50. Ra5+ Ke6 51. Ra6+ Kf7 52. Ra7+
Kf6 53. Ra6+ Kg7 54. Ra7+ Kh6 55. Ra4 Rxg3 56. Kf2 f4 57. Re4 g5 58. Rxe5 gxh4
59. Rf5 h3 60. Rxf4 Rg2+ 61. Kf1 Kg5 62. Rc4 Rg3 63. Kf2 h2 64. Rc1 Kh4 65. Ke3
0-1

[Event "BL 1516 Erfurter SK - SV Hockenheim"]
[Site "?"]
[Date "2016.02.20"]
[Round "8.3"]
[White "Balogh, Csaba"]
[Black "Votava, Jan"]
[Result "1/2-1/2"]
[WhiteElo "2643"]
[BlackElo "2518"]
[PlyCount "82"]
[EventDate "2016.??.??"]

1. e4 e5 2. Nf3 Nc6 3. Bc4 Nf6 4. d3 Bc5 5. O-O d6 6. c3 O-O 7. Nbd2 a6 8. Bb3
Ba7 9. h3 Ne7 10. Re1 Ng6 11. Nf1 Nh5 12. d4 Nhf4 13. Ng3 exd4 14. cxd4 Be6 15.
d5 Bxh3 16. Bxf4 Nxf4 17. gxh3 Qf6 18. h4 Qxb2 19. Qc2 Qf6 20. e5 dxe5 21. Qf5
Qb6 22. Re3 g6 23. Qxe5 Nh3+ 24. Kg2 Nxf2 25. Re2 Nd3 26. Qe4 Qf6 27. Qxd3 Qxa1
28. d6 cxd6 29. Re7 Qf6 30. Rxb7 Bc5 31. Ne4 Qf4 32. Nfg5 Qg4+ 33. Kf1 Qg1+ 34.
Ke2 Ra7 35. Rxa7 Qg2+ 36. Kd1 Bxa7 37. Nxd6 Qg1+ 38. Kc2 Qh2+ 39. Kd1 Qg1+ 40.
Kc2 Qh2+ 41. Kd1 Qg1+ 1/2-1/2

[Event "BL 1516 Erfurter SK - SV Hockenheim"]
[Site "?"]
[Date "2016.02.20"]
[Round "8.4"]
[White "Haba, Petr"]
[Black "Moiseenko, Alexander"]
[Result "1/2-1/2"]
[WhiteElo "2487"]
[BlackElo "2673"]
[PlyCount "61"]
[EventDate "2016.??.??"]

1. e4 c5 2. Nf3 Nc6 3. d4 cxd4 4. Nxd4 e5 5. Nb5 d6 6. N1c3 a6 7. Na3 Be7 8.
Nc4 b5 9. Ne3 Nf6 10. g3 b4 11. Ncd5 Nxe4 12. Bg2 f5 13. Nc4 O-O 14. Nxe7+ Qxe7
15. Nb6 Be6 16. Nxa8 Rxa8 17. O-O Rc8 18. Be3 d5 19. f3 Nf6 20. Qe2 a5 21. Rfe1
d4 22. Bf2 Nd5 23. Rad1 Qc5 24. Rxd4 Nxd4 25. Qxe5 Qc7 26. Bxd4 Qxe5 27. Rxe5
Kf7 28. Re2 g5 29. Kf2 a4 30. Ke1 a3 31. bxa3 1/2-1/2

[Event "BL 1516 Erfurter SK - SV Hockenheim"]
[Site "?"]
[Date "2016.02.20"]
[Round "8.5"]
[White "Buhmann, Rainer"]
[Black "Braeuer, Franz"]
[Result "1-0"]
[WhiteElo "2633"]
[BlackElo "2423"]
[PlyCount "51"]
[EventDate "2016.??.??"]

1. d4 Nf6 2. c4 e6 3. Nf3 b6 4. a3 Ba6 5. Qc2 Bb7 6. Nc3 c5 7. e4 cxd4 8. Nxd4
Bc5 9. Nf3 Ng4 10. Bg5 f6 11. Bh4 Nc6 12. Be2 O-O 13. Rd1 a6 14. O-O Qc7 15.
Bg3 Nge5 16. b4 Be7 17. Nd5 exd5 18. cxd5 a5 19. dxc6 Qxc6 20. Qb3+ Kh8 21.
Nxe5 fxe5 22. Bxe5 axb4 23. axb4 Ra4 24. Rd4 Rfa8 25. Qg3 Bf6 26. b5 1-0

[Event "BL 1516 Erfurter SK - SV Hockenheim"]
[Site "?"]
[Date "2016.02.20"]
[Round "8.6"]
[White "Machelett, Heiko"]
[Black "Baramidze, David"]
[Result "1/2-1/2"]
[WhiteElo "2406"]
[BlackElo "2596"]
[PlyCount "75"]
[EventDate "2016.??.??"]

1. d4 d5 2. c4 e6 3. Nc3 Nf6 4. Nf3 Be7 5. Bf4 O-O 6. e3 Nbd7 7. c5 Nh5 8. Bd3
Nxf4 9. exf4 c6 10. O-O b6 11. b4 a5 12. a3 Qc7 13. g3 Ba6 14. Re1 Bf6 15. Qd2
Ra7 16. Kg2 Rfa8 17. Bxa6 Rxa6 18. Rab1 axb4 19. axb4 Ra3 20. Rec1 h6 21. h4
bxc5 22. bxc5 Qa5 23. Ne5 Bxe5 24. fxe5 Rb8 25. Rxb8+ Nxb8 26. Qb2 Nd7 27. Nb1
Ra2 28. Qb7 Nf8 29. Rc3 Ra1 30. Rf3 Qe1 31. Qxf7+ Kh7 32. Rb3 Rxb1 33. Rxb1
Qxb1 34. Qxf8 Qe4+ 35. Kg1 Qxd4 36. Qd6 Qd1+ 37. Kg2 Qg4 38. Qxc6 1/2-1/2

[Event "BL 1516 Erfurter SK - SV Hockenheim"]
[Site "?"]
[Date "2016.02.20"]
[Round "8.7"]
[White "Banusz, Tamas"]
[Black "Enders, Peter"]
[Result "1/2-1/2"]
[WhiteElo "2616"]
[BlackElo "2459"]
[PlyCount "114"]
[EventDate "2016.??.??"]

1. Nf3 Nf6 2. c4 e6 3. g3 c5 4. Bg2 Be7 5. O-O O-O 6. d4 cxd4 7. Nxd4 Qc7 8. b3
a6 9. Bb2 Nc6 10. Nc3 d6 11. Rc1 Nxd4 12. Qxd4 Bd7 13. Rfd1 Rfd8 14. h3 Rac8
15. g4 Qb8 16. g5 Ne8 17. Qe3 Bf8 18. Ne4 Bc6 19. Bd4 d5 20. cxd5 Bxd5 21. h4
Rxc1 22. Rxc1 Rc8 23. Rxc8 Qxc8 24. h5 Bxe4 25. Bxe4 Nd6 26. Kg2 e5 27. Bxh7+
Kxh7 28. Bxe5 Qg4+ 29. Qg3 Qxg3+ 30. Kxg3 Ne4+ 31. Kf4 Nxf2 32. Bd4 Nd1 33. Kf5
Bb4 34. g6+ fxg6+ 35. hxg6+ Kh6 36. e4 Bd2 37. e5 Ne3+ 38. Ke6 Kxg6 39. Kd7 Nf5
40. e6 Bb4 41. Bb2 Bc5 42. Bc3 Kh5 43. b4 Bf8 44. Kc7 g5 45. Kxb7 g4 46. Be1
Nd4 47. a4 Kg6 48. Kxa6 Nc2 49. Bh4 Nxb4+ 50. Kb5 Nd5 51. Kc6 Kh5 52. Bf2 Nb4+
53. Kd7 Kg5 54. e7 Bxe7 55. Kxe7 Kf4 56. Kd6 g3 57. Bxg3+ Kxg3 1/2-1/2

[Event "BL 1516 Erfurter SK - SV Hockenheim"]
[Site "?"]
[Date "2016.02.20"]
[Round "8.8"]
[White "Mueller, Matthias"]
[Black "Braun, Arik"]
[Result "0-1"]
[WhiteElo "2385"]
[BlackElo "2567"]
[PlyCount "60"]
[EventDate "2016.??.??"]

1. e4 c6 2. d4 d5 3. Nc3 dxe4 4. Nxe4 Bf5 5. Ng3 Bg6 6. h4 h6 7. Nf3 e6 8. Ne5
Bh7 9. Bd3 Bxd3 10. Qxd3 Nd7 11. f4 Bb4+ 12. c3 Be7 13. Bd2 Ngf6 14. O-O-O O-O
15. Kb1 c5 16. Qf3 cxd4 17. cxd4 Nd5 18. f5 Bf6 19. Nxf7 Qb6 20. Nxh6+ gxh6 21.
Bxh6 Rfc8 22. Ka1 Rc2 23. Qg4+ Kh8 24. Bc1 e5 25. Ne4 Bg7 26. Qh5+ Kg8 27. Ng5
N5f6 28. Qf7+ Kh8 29. Ne6 Rg8 30. h5 Bh6 0-1

[Event "BL 1516 Schwäbisch Hall - SV Griesheim"]
[Site "?"]
[Date "2016.02.20"]
[Round "8.1"]
[White "Bulski, Krzysztof"]
[Black "Li, Chao"]
[Result "1/2-1/2"]
[WhiteElo "2527"]
[BlackElo "2751"]
[PlyCount "58"]
[EventDate "2016.??.??"]

1. d4 d5 2. Nf3 Nf6 3. c4 c6 4. cxd5 cxd5 5. Nc3 Ne4 6. Bf4 Qa5 7. Qb3 e6 8. e3
Bb4 9. Rc1 b6 10. a3 Bxc3+ 11. bxc3 O-O 12. Bxb8 Rxb8 13. Ne5 Bb7 14. Nd7 Rbc8
15. Nxf8 Nxc3 16. Rc2 Ne4+ 17. Ke2 Bc6 18. Kf3 Qe1 19. Re2 Qc1 20. g3 Nd2+ 21.
Rxd2 Qxd2 22. Nxh7 Ba4 23. Qxa4 Rc2 24. Kg4 Kxh7 25. Kh3 f5 26. Qe8 Qxf2 27.
Qh5+ Kg8 28. Qe8+ Kh7 29. Qh5+ Kg8 1/2-1/2

[Event "BL 1516 Schwäbisch Hall - SV Griesheim"]
[Site "?"]
[Date "2016.02.20"]
[Round "8.2"]
[White "Rodshtein, Maxim"]
[Black "Tazbir, Marcin"]
[Result "1-0"]
[WhiteElo "2708"]
[BlackElo "2511"]
[PlyCount "53"]
[EventDate "2016.??.??"]

1. d4 Nf6 2. c4 e6 3. Nf3 c5 4. d5 b5 5. Bg5 exd5 6. cxd5 h6 7. Bxf6 Qxf6 8.
Qc2 d6 9. e4 a6 10. a4 b4 11. Nbd2 Bg4 12. e5 dxe5 13. Ne4 Qf4 14. Nfd2 Bf5 15.
Bd3 Bxe4 16. Nxe4 Nd7 17. d6 f5 18. g3 Qf3 19. O-O g6 20. Rfe1 Qg4 21. Nf6+
Nxf6 22. Qxc5 Rd8 23. Rxe5+ Kf7 24. Bc4+ Kg7 25. Re6 Bxd6 26. Re7+ Kf8 27. Rf7+
1-0

[Event "BL 1516 Schwäbisch Hall - SV Griesheim"]
[Site "?"]
[Date "2016.02.20"]
[Round "8.3"]
[White "Izsak, Gyula"]
[Black "Laznicka, Viktor"]
[Result "1/2-1/2"]
[WhiteElo "2435"]
[BlackElo "2664"]
[PlyCount "117"]
[EventDate "2016.??.??"]

1. d4 Nf6 2. c4 e6 3. Nf3 d5 4. Nc3 dxc4 5. e3 a6 6. Bxc4 b5 7. Be2 Bb7 8. O-O
Nbd7 9. a3 c5 10. dxc5 Nxc5 11. b4 Qxd1 12. Rxd1 Nb3 13. Rb1 Nxc1 14. Rbxc1 Be7
15. Nd4 Rc8 16. Nb3 O-O 17. Bf3 Bxf3 18. gxf3 Rc4 19. Na5 Rc7 20. Ne2 Rfc8 21.
Rxc7 Rxc7 22. Rc1 Rxc1+ 23. Nxc1 Nd5 24. Nd3 Nc3 25. Nc6 Bd6 26. Nd4 Nb1 27.
Nc2 Kf8 28. h3 Nd2 29. f4 Ke7 30. Kg2 Kd7 31. f3 Nc4 32. Kf2 g6 33. Ke2 e5 34.
fxe5 Nxe5 35. Nb2 f5 36. Nd4 Bf8 37. Nb3 Kc6 38. e4 fxe4 39. fxe4 Bd6 40. Nd4+
Kd7 41. Nf3 Nxf3 42. Kxf3 Ke6 43. Nd3 Be7 44. Kg3 Bf8 45. Kg4 Kf6 46. h4 h5+
47. Kf4 Be7 48. Kf3 g5 49. hxg5+ Kxg5 50. Kg3 Bd6+ 51. Kh3 h4 52. e5 Be7 53.
Nc5 Kf5 54. Nxa6 Kxe5 55. Nc7 Kd4 56. Nxb5+ Kc4 57. Nc7 Bxb4 58. axb4 Kxb4 59.
Kxh4 1/2-1/2

[Event "BL 1516 Schwäbisch Hall - SV Griesheim"]
[Site "?"]
[Date "2016.02.20"]
[Round "8.4"]
[White "Postny, Evgeny"]
[Black "Farago, Ivan"]
[Result "1-0"]
[WhiteElo "2668"]
[BlackElo "2393"]
[PlyCount "95"]
[EventDate "2016.??.??"]

1. d4 Nf6 2. c4 e6 3. g3 d5 4. Bg2 Bb4+ 5. Bd2 Be7 6. Nf3 O-O 7. O-O Nbd7 8.
Qc2 c6 9. Bf4 Nh5 10. Bc1 Nhf6 11. b3 b6 12. Nc3 Bb7 13. Bb2 Rc8 14. Rad1 Qc7
15. Rfe1 Rfe8 16. Qb1 Qb8 17. e3 Rcd8 18. Nd2 e5 19. dxe5 Nxe5 20. cxd5 cxd5
21. Ne2 Ne4 22. Nxe4 dxe4 23. Rxd8 Rxd8 24. Bxe4 Nf3+ 25. Bxf3 Bxf3 26. Nd4 Ba8
27. Nf5 Bf8 28. e4 Qb7 29. Qc1 f6 30. Qf4 Qd7 31. Bd4 Re8 32. Qg4 Qe6 33. f3
Kh8 34. Rc1 Qd7 35. Qf4 Bc6 36. g4 Kg8 37. Kg2 Re6 38. Bf2 Re5 39. g5 Re6 40.
Nd4 Rd6 41. Nxc6 Rxc6 42. Rxc6 Qxc6 43. gxf6 gxf6 44. Bd4 Kf7 45. Qf5 Qc2+ 46.
Kh3 Bg7 47. Qd7+ Kg6 48. Qe8+ 1-0

[Event "BL 1516 Schwäbisch Hall - SV Griesheim"]
[Site "?"]
[Date "2016.02.20"]
[Round "8.5"]
[White "Baskin, Robert"]
[Black "Michalik, Peter"]
[Result "1/2-1/2"]
[WhiteElo "2369"]
[BlackElo "2574"]
[PlyCount "75"]
[EventDate "2016.??.??"]

1. e4 c5 2. Nf3 d6 3. d4 cxd4 4. Nxd4 Nf6 5. Nc3 a6 6. Bg5 e6 7. f4 Be7 8. Qf3
h6 9. Bh4 Bd7 10. O-O-O Nc6 11. e5 Nd5 12. Bxe7 Qxe7 13. Nf5 exf5 14. Nxd5 Qd8
15. Qg3 Kf8 16. exd6 Qa5 17. Bc4 h5 18. Ne7 Qc5 19. Nxc6 Bxc6 20. Bb3 h4 21.
Qh3 Rd8 22. Rd2 Rh6 23. Rhd1 Rd7 24. Re1 Rd8 25. Re5 Qg1+ 26. Rd1 Qxg2 27. Qxf5
Qg6 28. Qh3 Rh5 29. Re7 Rf5 30. Qxh4 Rxd6 31. Ree1 Rxd1+ 32. Rxd1 Qh6 33. Qd8+
Be8 34. Re1 Re5 35. Rf1 Re7 36. Qd2 Bb5 37. Rf2 Rd7 38. Qb4+ 1/2-1/2

[Event "BL 1516 Schwäbisch Hall - SV Griesheim"]
[Site "?"]
[Date "2016.02.20"]
[Round "8.6"]
[White "Bai, Jinshi"]
[Black "Walter, Stefan"]
[Result "1-0"]
[WhiteElo "2501"]
[BlackElo "2410"]
[PlyCount "107"]
[EventDate "2016.??.??"]

1. Nf3 Nf6 2. g3 d5 3. Bg2 e6 4. O-O Be7 5. c4 O-O 6. b3 d4 7. Bb2 c5 8. b4 Nc6
9. b5 Na5 10. d3 Qc7 11. Nbd2 e5 12. Nb3 Nxb3 13. axb3 Bg4 14. Qc2 Rfe8 15. Ra3
a5 16. bxa6 Rxa6 17. Rxa6 bxa6 18. Ra1 Qd6 19. Bc1 h6 20. h3 Bc8 21. Nd2 Qb6
22. Qa2 Bd8 23. Qa4 Re6 24. Ne4 Nxe4 25. Bxe4 Re7 26. Bd2 f5 27. Bd5+ Kh7 28.
b4 e4 29. bxc5 Qg6 30. Qc6 Qxc6 31. Bxc6 exd3 32. exd3 g5 33. Kf1 Kg6 34. Rb1
Bc7 35. Bb7 Ba5 36. Bxc8 Bxd2 37. Rb6+ Kg7 38. Bxf5 a5 39. c6 Bb4 40. Bd7 Bd6
41. Ra6 Re5 42. Ra7 Rc5 43. Be6+ Kf6 44. Bd5 Be7 45. Ke2 Bd8 46. f4 gxf4 47.
gxf4 a4 48. Rxa4 Ra5 49. Rb4 Bc7 50. Rb7 Bxf4 51. Rf7+ Kg5 52. c7 Ra2+ 53. Kf3
Be3 54. c8=Q 1-0

[Event "BL 1516 Schwäbisch Hall - SV Griesheim"]
[Site "?"]
[Date "2016.02.20"]
[Round "8.7"]
[White "Grabarczyk, Bogdan"]
[Black "Zeller, Frank"]
[Result "1/2-1/2"]
[WhiteElo "2396"]
[BlackElo "2394"]
[PlyCount "47"]
[EventDate "2016.??.??"]

1. e4 e5 2. Nf3 Nc6 3. Bb5 a6 4. Ba4 d6 5. d4 b5 6. Bb3 Nxd4 7. Nxd4 exd4 8.
Bd5 Rb8 9. Bc6+ Bd7 10. Bxd7+ Qxd7 11. Qxd4 Nf6 12. O-O Be7 13. Nc3 O-O 14. Bf4
b4 15. Ne2 Nh5 16. Rad1 Qg4 17. Qe3 Nxf4 18. Nxf4 Bg5 19. g3 Rfe8 20. Rfe1 Rb5
21. f3 Bxf4 22. Qxf4 Qxf4 23. gxf4 Rc5 24. Re2 1/2-1/2

[Event "BL 1516 Schwäbisch Hall - SV Griesheim"]
[Site "?"]
[Date "2016.02.20"]
[Round "8.8"]
[White "Pogan, Nikolas"]
[Black "Schnitzspan, Lothar"]
[Result "1/2-1/2"]
[WhiteElo "2279"]
[BlackElo "2317"]
[PlyCount "41"]
[EventDate "2016.??.??"]

1. c4 Nf6 2. g3 d5 3. d4 dxc4 4. Nf3 c5 5. Nc3 cxd4 6. Qxd4 Qxd4 7. Nxd4 a6 8.
e4 e5 9. Nf3 Nc6 10. Bxc4 Bc5 11. O-O Bg4 12. Kg2 O-O 13. Bg5 b5 14. Bb3 b4 15.
Na4 Bxf3+ 16. Kxf3 Nd4+ 17. Kg2 Nxb3 18. Rae1 Nd7 19. axb3 Bd4 20. Rc1 Rfc8 21.
Rxc8+ 1/2-1/2

[Event "BL 1516 USV TU Dresden - SV Mülheim No"]
[Site "?"]
[Date "2016.02.20"]
[Round "8.1"]
[White "Navara, David"]
[Black "Eljanov, Pavel"]
[Result "1/2-1/2"]
[WhiteElo "2734"]
[BlackElo "2760"]
[PlyCount "173"]
[EventDate "2016.??.??"]

1. d4 Nf6 2. c4 e6 3. Nf3 b6 4. g3 Bb4+ 5. Bd2 Be7 6. Nc3 Bb7 7. Bg2 c6 8. e4
d5 9. cxd5 cxd5 10. e5 Ne4 11. O-O Nxd2 12. Qxd2 O-O 13. Rfe1 Ba6 14. h4 Nc6
15. h5 Rc8 16. Rac1 Na5 17. h6 g6 18. Qf4 Nc4 19. Bf1 b5 20. b3 Na3 21. Na4
bxa4 22. Bxa6 Rc2 23. bxa4 Qb6 24. Rxc2 Nxc2 25. Rc1 Nb4 26. Rb1 Qc7 27. Bf1
Nxa2 28. Ng5 Qd8 29. Nf3 Qc7 30. Rb2 Nc3 31. Rc2 Qa5 32. Qd2 Bb4 33. Bd3 Rc8
34. Ng5 Qd8 35. Qf4 Qe7 36. g4 a5 37. Nf3 Qf8 38. Ng5 Qe7 39. Kg2 Rc7 40. Qf6
Qxf6 41. exf6 Bf8 42. Rb2 Bb4 43. Rc2 Bf8 44. Nf3 Bxh6 45. g5 Bf8 46. Ne5 Bd6
47. Rb2 Rc8 48. Ng4 Rb8 49. Rc2 Rb3 50. Kf3 Kf8 51. Ne3 Ke8 52. Rc1 Nxa4 53.
Bc2 Rb4 54. Ra1 Nc3 55. Rxa5 Rxd4 56. Ra8+ Kd7 57. Ra7+ Bc7 58. Ra8 Rf4+ 59.
Kg2 d4 60. Nc4 e5 61. Rf8 e4 62. Rxf7+ Kc6 63. Rxh7 Rg4+ 64. Kf1 Rxg5 65. f7
Rf5 66. Rg7 Bf4 67. f3 d3 68. Ba4+ Kc5 69. fxe4 Nxe4 70. Bd7 Rf6 71. Rxg6 Rxf7
72. Be6 Rf8 73. Kg2 Kd4 74. Nb2 Be5 75. Nd1 Nf6 76. Rh6 Ne4 77. Rh4 Rf6 78. Bc8
Bf4 79. Bb7 Nd6 80. Bf3 Nc4 81. Nf2 Ne5 82. Nh3 Ng6 83. Rh7 Ke3 84. Nf2 Ra6 85.
Rh3 Kd4 86. Bb7 Ra3 87. Rxd3+ 1/2-1/2

[Event "BL 1516 USV TU Dresden - SV Mülheim No"]
[Site "?"]
[Date "2016.02.20"]
[Round "8.2"]
[White "Gajewski, Grzegorz"]
[Black "Fridman, Daniel"]
[Result "0-1"]
[WhiteElo "2635"]
[BlackElo "2616"]
[PlyCount "80"]
[EventDate "2016.??.??"]

1. Nf3 Nf6 2. c4 e6 3. g3 d5 4. Bg2 d4 5. O-O c5 6. e3 Nc6 7. exd4 cxd4 8. d3
Bd6 9. Bg5 h6 10. Bxf6 Qxf6 11. Nbd2 Qd8 12. a3 a5 13. Rc1 O-O 14. c5 Be7 15.
Re1 Bd7 16. Rc4 b5 17. Rc1 Qc7 18. Qe2 Rac8 19. h4 Rfe8 20. g4 f5 21. gxf5 exf5
22. Qd1 a4 23. b3 Qa7 24. Qc2 Bf6 25. bxa4 bxa4 26. Qc4+ Kf8 27. Rxe8+ Bxe8 28.
Qd5 Ne7 29. Qd6 Rc6 30. Qf4 Rxc5 31. Nc4 Bf7 32. Rb1 Bxc4 33. dxc4 Rxc4 34. Ne5
Bxe5 35. Qxe5 Qc5 36. Qb8+ Kf7 37. Rb7 d3 38. Rd7 Rg4 39. Qb7 Qc1+ 40. Kh2
Rxh4+ 0-1

[Event "BL 1516 USV TU Dresden - SV Mülheim No"]
[Site "?"]
[Date "2016.02.20"]
[Round "8.3"]
[White "Landa, Konstantin"]
[Black "Bartel, Mateusz"]
[Result "0-1"]
[WhiteElo "2634"]
[BlackElo "2613"]
[PlyCount "64"]
[EventDate "2016.??.??"]

1. d4 d5 2. Nf3 c6 3. c4 Nf6 4. Qc2 dxc4 5. e4 b5 6. b3 cxb3 7. axb3 e6 8. Bd2
Bb7 9. Ba5 Qc8 10. Nbd2 Na6 11. Qc3 Be7 12. b4 O-O 13. Bd3 Nh5 14. g3 f5 15.
O-O fxe4 16. Bxe4 Nf6 17. Rae1 Nxe4 18. Nxe4 Nxb4 19. Bxb4 Bxb4 20. Qxb4 Rxf3
21. Nc5 a5 22. Qb1 b4 23. Rxe6 Ba6 24. Qe4 Bxf1 25. Qxf3 Bc4 26. Rxc6 Qe8 27.
Ne6 Bxe6 28. Rxe6 Qf8 29. Qb7 Rb8 30. Qa7 b3 31. Rb6 Ra8 32. Qb7 a4 0-1

[Event "BL 1516 USV TU Dresden - SV Mülheim No"]
[Site "?"]
[Date "2016.02.20"]
[Round "8.4"]
[White "Socko, Bartosz"]
[Black "Berelowitsch, Alexander"]
[Result "1-0"]
[WhiteElo "2577"]
[BlackElo "2520"]
[PlyCount "62"]
[EventDate "2016.??.??"]

1. d4 f5 2. g3 Nf6 3. Bg2 g6 4. Nh3 Bg7 5. Nf4 d6 6. d5 c6 7. c4 e5 8. dxe6 Qe7
9. Nc3 O-O 10. O-O Bxe6 11. Nxe6 Qxe6 12. Bf4 Qxc4 13. Qxd6 Na6 14. Rad1 Rfe8
15. Rfe1 Qb4 16. Qd2 Nc5 17. Qc2 Nce4 18. Nxe4 Nxe4 19. a3 Qxb2 20. Qc4+ Kh8
21. Rd7 Nf6 22. Rf7 Rf8 23. Rxf8+ Rxf8 24. Qd3 Qa2 25. Rb1 Qf7 26. Qe3 b6 27.
Bxc6 Nd5 28. Bxd5 Qxd5 29. Rc1 Qe4 30. Qxe4 fxe4 31. Rc7 Ra8 1-0

[Event "BL 1516 USV TU Dresden - SV Mülheim No"]
[Site "?"]
[Date "2016.02.20"]
[Round "8.5"]
[White "Levin, Felix"]
[Black "Maiwald, Jens-Uwe"]
[Result "1/2-1/2"]
[WhiteElo "2508"]
[BlackElo "2443"]
[PlyCount "49"]
[EventDate "2016.??.??"]

1. d4 d6 2. Nf3 g6 3. c4 Bg7 4. e4 Bg4 5. d5 c6 6. Be2 Bxf3 7. Bxf3 Nf6 8. Nc3
O-O 9. O-O Nfd7 10. Bd2 a5 11. Rb1 Na6 12. Re1 Nac5 13. Qc2 Qb6 14. b3 Rfc8 15.
a3 Bd4 16. Be3 Bxe3 17. Rxe3 Ne5 18. Be2 Ncd7 19. Qd2 Nf6 20. Na4 Qa7 21. dxc6
bxc6 22. c5 Rd8 23. Qc2 Rab8 24. h3 Qc7 25. Qc3 1/2-1/2

[Event "BL 1516 USV TU Dresden - SV Mülheim No"]
[Site "?"]
[Date "2016.02.20"]
[Round "8.6"]
[White "Boensch, Uwe"]
[Black "Hausrath, Daniel"]
[Result "1-0"]
[WhiteElo "2552"]
[BlackElo "2512"]
[PlyCount "85"]
[EventDate "2016.??.??"]

1. d4 Nf6 2. c4 g6 3. Nc3 Bg7 4. e4 d6 5. Be2 O-O 6. Nf3 c5 7. O-O cxd4 8. Nxd4
Nc6 9. Be3 Bd7 10. Rc1 Nxd4 11. Bxd4 Bc6 12. f3 Nd7 13. b4 b6 14. Bxg7 Kxg7 15.
Qd4+ Kg8 16. f4 a5 17. a3 axb4 18. axb4 Ra3 19. Bg4 Nf6 20. Bf3 Nd7 21. e5 Bxf3
22. Rxf3 Nb8 23. Rd1 Nc6 24. Qf2 Qa8 25. exd6 Ra1 26. b5 Rxd1+ 27. Nxd1 Na5 28.
dxe7 Re8 29. Ne3 Rxe7 30. Nd5 Re6 31. Nc7 Qe4 32. Nxe6 Qxe6 33. f5 Qd6 34. fxg6
hxg6 35. Rf4 Qe6 36. Qd4 Nb3 37. Qf6 Qe3+ 38. Kh1 Qc1+ 39. Rf1 Qxc4 40. Rd1 Kh7
41. h3 Nd2 42. Re1 Nb3 43. Re7 1-0

[Event "BL 1516 USV TU Dresden - SV Mülheim No"]
[Site "?"]
[Date "2016.02.20"]
[Round "8.7"]
[White "Dinstuhl, Volkmar"]
[Black "Tischbierek, Raj"]
[Result "1/2-1/2"]
[WhiteElo "2401"]
[BlackElo "2433"]
[PlyCount "74"]
[EventDate "2016.??.??"]

1. c4 Nf6 2. Nc3 e6 3. e4 c5 4. e5 Ng8 5. Nf3 Nc6 6. d4 cxd4 7. Nxd4 Nxe5 8.
Ndb5 f6 9. Be3 Nh6 10. Bxh6 gxh6 11. Qh5+ Nf7 12. O-O-O a6 13. Nd6+ Bxd6 14.
Rxd6 O-O 15. Rd3 f5 16. f4 Kh8 17. g4 Qc7 18. gxf5 Qxf4+ 19. Rd2 Ne5 20. Be2 d5
21. Rf1 Qe3 22. Nd1 Qg5 23. Qxg5 hxg5 24. fxe6 Bxe6 25. Rxf8+ Rxf8 26. cxd5 Bd7
27. Rc2 Kg7 28. Kd2 Rc8 29. Rxc8 Bxc8 30. Ne3 Kf6 31. Kc3 g4 32. Kd4 h5 33. b4
b6 34. Ke4 a5 35. bxa5 bxa5 36. a3 Bd7 37. Nc4 Nxc4 1/2-1/2

[Event "BL 1516 USV TU Dresden - SV Mülheim No"]
[Site "?"]
[Date "2016.02.20"]
[Round "8.8"]
[White "Gauglitz, Gernot"]
[Black "Buckels, Valentin"]
[Result "1-0"]
[WhiteElo "2389"]
[BlackElo "2248"]
[PlyCount "91"]
[EventDate "2016.??.??"]

1. d4 Nf6 2. Nf3 e6 3. g3 b5 4. Bg2 Bb7 5. O-O Be7 6. a4 b4 7. c4 bxc3 8. bxc3
c5 9. Nbd2 Ne4 10. Qc2 Nxd2 11. Bxd2 cxd4 12. cxd4 f5 13. Qb2 Be4 14. Ne5 Bxg2
15. Kxg2 Nc6 16. Nxc6 dxc6 17. Qb7 Kf7 18. Bf4 Qd5+ 19. Kg1 Rhd8 20. Rab1 Qd7
21. Bc7 Rdc8 22. Be5 Rd8 23. Rfc1 Rac8 24. Qa6 Bd6 25. Rb7 Rc7 26. Rxc7 Bxc7
27. Bxc7 Qxc7 28. Rxc6 Qe7 29. Qc4 Rd6 30. Rc5 Kf6 31. h4 Rd7 32. a5 Qd6 33. e3
Qe7 34. a6 Rd6 35. Rc7 Rd7 36. Rc6 Kf7 37. Kg2 h6 38. h5 Rd6 39. Qc5 Rxc6 40.
Qxc6 Qd8 41. Qb7+ Kf6 42. Qxa7 Qd5+ 43. Kg1 f4 44. Qc5 Qa2 45. exf4 Qb1+ 46.
Kh2 1-0

[Event "BL 1516 Schachfr. Berlin - Hansa Dortmu"]
[Site "?"]
[Date "2016.02.20"]
[Round "8.1"]
[White "Tari, Aryan"]
[Black "Melkumyan, Hrant"]
[Result "1/2-1/2"]
[WhiteElo "2537"]
[BlackElo "2649"]
[PlyCount "119"]
[EventDate "2016.??.??"]

1. e4 c6 2. d4 d5 3. e5 Bf5 4. h4 h5 5. c4 e6 6. Nc3 Bb4 7. Qb3 Qa5 8. Bd2 Ne7
9. Nf3 Nd7 10. cxd5 Nxd5 11. a3 N7b6 12. Be2 Be7 13. O-O Nxc3 14. bxc3 Qa4 15.
Qa2 Qc2 16. Rfc1 Qxa2 17. Rxa2 Bg4 18. a4 O-O-O 19. a5 Nd7 20. g3 f6 21. Bf4
Rhf8 22. exf6 gxf6 23. Re1 Rg8 24. Kg2 Nf8 25. Bc4 Re8 26. Bh6 Bd8 27. a6 b5
28. Bd3 Ng6 29. c4 bxc4 30. Bxc4 Bb6 31. Bd3 Ne7 32. Rc2 Kd7 33. Be4 Bf5 34.
Bc1 Bxe4 35. Rxe4 Nd5 36. Bd2 Rg4 37. Rxg4 hxg4 38. Nh2 f5 39. f3 Bxd4 40. fxg4
fxg4 41. Nxg4 e5 42. h5 e4 43. h6 c5 44. Bc1 Ke6 45. Re2 Kf5 46. Ne3+ Nxe3+ 47.
Bxe3 Kg6 48. Kh3 Rd8 49. Kg4 Rd6 50. Bxd4 cxd4 51. Rxe4 d3 52. Re1 Rxa6 53. Rd1
Rd6 54. Kf3 a5 55. Ke3 Kxh6 56. Rxd3 Rxd3+ 57. Kxd3 Kg5 58. Kc4 Kg4 59. Kb5
Kxg3 60. Kxa5 1/2-1/2